Mastering French vocabulary : (Record no. 175)
[ view plain ]
| 000 -LEADER | |
|---|---|
| fixed length control field | 02019cam a22003374a 4500 |
| 001 - CONTROL NUMBER | |
| control field | 52517047 |
| 003 - CONTROL NUMBER IDENTIFIER | |
| control field | OCoLC |
| 005 - DATE AND TIME OF LATEST TRANSACTION | |
| control field | 20241227205441.0 |
| 008 - FIXED-LENGTH DATA ELEMENTS--GENERAL INFORMATION | |
| fixed length control field | 020513s2003 nyua 000 0 eng |
| 010 ## - LIBRARY OF CONGRESS CONTROL NUMBER | |
| LC control number | 2002106702 |
| 020 ## - INTERNATIONAL STANDARD BOOK NUMBER | |
| International Standard Book Number | 0764123947 |
| 040 ## - CATALOGING SOURCE | |
| Original cataloging agency | DLC |
| Transcribing agency | DLC |
| Modifying agency | CCS |
| -- | OCL |
| 041 0# - LANGUAGE CODE | |
| Language code of text/sound track or separate title | eng |
| -- | fre |
| 042 ## - AUTHENTICATION CODE | |
| Authentication code | pcc |
| 050 00 - LIBRARY OF CONGRESS CALL NUMBER | |
| Classification number | PC2689 |
| Item number | .H47 2003 |
| 100 1# - MAIN ENTRY--PERSONAL NAME | |
| Personal name | Fischer, Wolfgang. |
| 245 10 - TITLE STATEMENT | |
| Title | Mastering French vocabulary : |
| Remainder of title | a thematic approach / |
| Statement of responsibility, etc. | Wolfgang Fischer and Anne-Marie Le Plouhinec ; [English translation by Kathleen Luft]. |
| 250 ## - EDITION STATEMENT | |
| Edition statement | 2nd ed. |
| 260 ## - PUBLICATION, DISTRIBUTION, ETC. | |
| Place of publication, distribution, etc. | Hauppauge, NY : |
| Name of publisher, distributor, etc. | Barron's, |
| Date of publication, distribution, etc. | c2003. |
| 300 ## - PHYSICAL DESCRIPTION | |
| Extent | 545 p. : |
| Other physical details | ill. ; |
| Dimensions | 21 cm. |
| 500 ## - GENERAL NOTE | |
| General note | English and French. |
| 500 ## - GENERAL NOTE | |
| General note | Based on Thematischer Grund- und Aufbauwortschatz Französisch. Stuttgart : E. Klett, 2000. |
| 500 ## - GENERAL NOTE | |
| General note | First ed. by Reinhild Herrmann and Rainer Rauch. c1995. |
| 505 0# - FORMATTED CONTENTS NOTE | |
| Formatted contents note | Foreword -- List of abbreviations -- Personal information -- The human body -- Health and medicine -- Mental proceses and states, behavior -- Food and drink, clothing, shopping -- Living arrangements -- Private life, social relations -- Education, learning -- Occupations and the job world -- Leisure time, recreation, sports, and games -- Travel and tourism -- Visual arts, music, literature -- History, religion, philosophy -- The state, society, politics -- The economy and business -- Communications and mass media -- Traffic, means of transportation -- Nature, the environment, ecology -- Time and space -- Colors and shapes -- Quantities, measures, numbers -- General concepts -- Linguistic communication -- Structural words -- Index of all French entries -- List of phonetic symbols used in this book. |
| 650 #0 - SUBJECT ADDED ENTRY--TOPICAL TERM | |
| Topical term or geographic name entry element | French language |
| Form subdivision | Textbooks for foreign speakers |
| General subdivision | English. |
| 650 #0 - SUBJECT ADDED ENTRY--TOPICAL TERM | |
| Topical term or geographic name entry element | French language |
| Form subdivision | Glossaries, vocabularies, etc. |
| 650 #0 - SUBJECT ADDED ENTRY--TOPICAL TERM | |
| Topical term or geographic name entry element | French language |
| Form subdivision | Dictionaries |
| General subdivision | English. |
| 700 1# - ADDED ENTRY--PERSONAL NAME | |
| Personal name | Le Plouhinec, Anne-Marie. |
| 700 1# - ADDED ENTRY--PERSONAL NAME | |
| Personal name | Herrmann, Reinhild. |
| Title of a work | Mastering French vocabulary. |
| 942 ## - ADDED ENTRY ELEMENTS (KOHA) | |
| Source of classification or shelving scheme | Dewey Decimal Classification |
| Koha item type | Books |
| Suppress in OPAC | No |
| Withdrawn status | Lost status | Damaged status | Not for loan | Home library | Current library | Shelving location | Inventory number | Total checkouts | Copy number | Koha item type |
|---|---|---|---|---|---|---|---|---|---|---|
| Semantic Foundation / Ausstellungsstraße | Semantic Foundation / Ausstellungsstraße | 1 | 1 | Books |